LEADER 01211nam a2200205 i 4500 001 000000237862 003 CaOOAMICUS 005 20150113000000.0 008 150113s1745 it u000 u lat u 013 $a216767 026 $aSIt, n*r- n-e- qudi (3) 1746 (R) 040 $aSeMil$bita 245 10$aTomus 18. 300 $a[4], 771, [1] p. 500 $aSegn. : pgr2 A-5C4 5D6 (pgr1 bianca). 500 $aMarca editoriale: La Fortuna: una donna nuda sopra ad una ruota tiene con le mani una vela spiegata al vento. (O160). 773 0 $aBaronio, Cesare $tAnnales ecclesiastici auctore Caesare Baronio Sorano e congregatione Oratorii ... una cum critica historico-chronologica p. Antonii Pagii ...Additur pręterea Dissertatio Hypatica ejusdem Pagii; & Epistola consularis Henrici card. Norisii. In hac vero editione Fasti consulares ab a.u.c. 709 ad annum Christi 567 illustrantur, supplentur, & castigantur. Accedunt animadversiones in Pagium ... Tomus 1. [-29.].$dLucae : Typis Leonardi Venturini, 1738-1746.$g18$w()31238 850 $aSeMil 852 $aSeMil$W1$xVenegono$y1$m3C VI 19 FA$j188208$B188208$CSeMilBibl$Z2$F198995 $8I 996 $6245$aTomus 18$9(OLS)http://semarc/title/310305 LEADER 01227nam a2200265 i 4500 001 000000112527 003 CaOOAMICUS 005 20220927144742.0 008 030221s1975 it u000 u ita u 013 $a85211 040 $aSeMil$bita 100 1 $aGinzburg, Carlo,$d<1939- >.$0(OLS)http://semarc/name/90784 245 10$aGiochi di pazienza :$bun seminario sul 'Beneficio di Cristo /$cCarlo Ginzburg ; Adriano Prosperi. 260 $aTorino :$bEinaudi,$c1975. 300 $aVII, 269 p. ;$c19 cm. 490 0 $aPiccola biblioteca Einaudi ;$v258 500 $aIn appendice : Trattato utilissimo del beneficio di Giesł Cristo crocifisso verso i cristiani. 650 4$aBenedetto : da Mantova . Beneficio di Cristo.$0(OLS)http://semarc/subject/20261 700 1 $aProsperi, Adriano,$d<1939- >.$0(OLS)http://semarc/name/10870 830 0$aPiccola biblioteca Einaudi ;$v258.$0(OLS)http://semarc/title/11221 850 $aSeMil 852 $aSeMil$W1$xVenegono$y1$m3B I 173$j68271$B68271$CSeMilBibl$Z2$F74233 $81 996 $6245$aGiochi di pazienza :$bun seminario sul 'Beneficio di Cristo$9(OLS)http://semarc/title/164084 996 $6260$aTorino :$bEinaudi$9(OLS)http://semarc/publisher/29884